| 000 | 01032cam a2200265 a 4500 | ||
|---|---|---|---|
| 999 |
_c329243 _d329243 |
||
| 001 | 12517845 | ||
| 003 | ASAB | ||
| 005 | 20170428122151.0 | ||
| 008 | 010828s2001 ii b 001 0 eng | ||
| 010 | _a 2001276222 | ||
| 020 | _a0195656164 | ||
| 040 | _cASAB | ||
| 043 | _aa-ii--- | ||
| 050 | 0 | 0 |
_aPR9490.5 _b.K5 2001 |
| 082 | 0 | 0 |
_a821.91 _221 |
| 100 | 1 |
_aKing, Bruce, _d1933- |
|
| 245 | 1 | 0 |
_aModern Indian poetry in English / _cBruce King. |
| 250 | _aRev. ed. | ||
| 260 |
_aDelhi ; _aNew York : _bOxford University Press, _c2001. |
||
| 300 |
_ax, 416 p. ; _c23 cm. |
||
| 504 | _aIncludes bibliographical references (p. 355-387) and index. | ||
| 650 | 0 |
_aIndic poetry (English) _y20th century _xHistory and criticism. |
|
| 856 | 4 | 2 |
_3Publisher description _uhttp://www.loc.gov/catdir/enhancements/fy0611/2001276222-d.html |
| 906 |
_a7 _bcbc _corigcop _d2 _encip _f20 _gy-gencatlg |
||
| 942 |
_2ddc _cBK |
||